000 00547cam a2200181 i 4500
082 0 0 _a910
_bNAF
_cL-31, P-44
100 1 _aAhmad, Nafis,
_946111
245 1 0 _aMuslim contribution to geography /
_cNafis Ahmad.
250 _a1947
260 _aLahore :
_bSh. Muhammad Ashraf,
_c1972.
300 _ax, 178 p., [4] leaves of plates :
_bill. ;
_c21 cm.
500 _aIncludes index.
500 _aReprint of the 1965 ed.
526 _a0
_b0
_c0
_d910_000000000000000_NAF
650 0 _aGeography, Arab.
_946112
650 0 _aMCE
_9379
942 _2ddc
_cBK
999 _c549457
_d549457